| 000 | 01405nam a2200241 a 4500 | ||
|---|---|---|---|
| 001 | 000022372 | ||
| 005 | 20250203093855.0 | ||
| 008 | 101006d1998 dr 001 0 spa d | ||
| 040 |
_aDO-SdBNP _bspa _cBNPHD |
||
| 082 |
_a305.873 _bM559v |
||
| 100 | 1 |
_aMerejo, Andrés _9469 |
|
| 245 | 1 | 3 |
_aLa vida americana en el siglo XXI / _cAndrés Merejo ; prólogo Viriato Sención ; editor Diógenes Céspedes. |
| 260 |
_aSanto Domingo : _bDe Colores, _c1998. |
||
| 300 |
_a129 p. ; _c24 cm. |
||
| 505 | 0 |
_gPrólogo / _rViriato Sención -- _tSer americano -- _tLa familia americana -- _tEl americano ante los otros -- _tLa cultura de la adicción -- _tLa vida como espectáculo -- _tTiempos e imágenes en los americanos -- _tEl deporte como fascinación -- _tCibernovela: una moda americana -- _tZonas grises a la americana -- _tAcotaciones críticas: Discursos económicos y sociales sobre los Estados Unidos -- _tBill Gates: presidente de Ciberamérica -- _tEl desafío americano -- _tLa sociedad americana en el siglo XXI. |
|
| 590 | _aInventariado, 2018/BT | ||
| 651 | 4 |
_aEstados Unidos _xCaracterísticas Nacionales _946144 |
|
| 651 | 4 |
_aEstados Unidos _xCivilización _ySIGLO XXI _946145 |
|
| 651 | 4 |
_aEstados Unidos _xVida Social Y Costumbres _ySIGLO XXI _946146 |
|
| 700 | 1 |
_aCéspedes, Diógenes, _d1941- _eed. _920548 |
|
| 700 |
_aSención, Viriato, _d1941- _epról. _927776 |
||
| 910 | _aValidado. Control de calidad. EMS | ||
| 999 |
_c21870 _d21870 |
||